| 000 | 00636nam a2200217Ia 4500 | ||
|---|---|---|---|
| 003 | GCL | ||
| 008 | 140319s9999 xx 000 0 eng d | ||
| 020 | _a0160430054 | ||
| 040 |
_aGCL / _cGCL |
||
| 082 | 0 | 4 |
_a341.0973 _bN C |
| 100 | 1 | _aNASH, MARIAN | |
| 245 | 1 | 0 |
_aCUMLATIVE DIGEST OF UNITED STATES PRACTICE IN INTERNATIONAL LAW 1981 - 1988 / _cNASH, MARIAN |
| 260 |
_a[S.N] : _bDEPARTMENT OF CULTURE & INFORMATION ، _c1993 |
||
| 300 |
_a24 CM ؛ _c4 VOL. |
||
| 650 | 0 | 4 | _aLAW |
| 650 | 0 | 4 | _aINTERNATIONAL LAW |
| 650 | 0 | 4 | _aTAIWAN - LAW |
| 650 | 0 | 4 | _aUNITED STATES - LAW |
| 650 | 0 | 4 | _aINTERNATIONAL UNIFICATION |
| 942 |
_2ddc _cBK |
||
| 999 |
_c4727 _d4727 |
||